000 00352nam a22001457a 4500
022 _a9781608454303
082 _a025.04 HEA
100 _aHeath, Tom
245 _aLinked data evolving the web into a global data space
260 _bMorgan & Claypool
_c2011
300 _a122p. :
_e25 cm
650 _aSemantic Web
700 _aTom Heath
942 _cBK
999 _c11678
_d11678